Relationship between the intensity of latex harvesting and the tapping panel dryness expression of clone GT 1 of Hevea brasiliensis Muell. Arg in South-East Cote d'Ivoire (Record no. 75688)

MARC details
000 -LEADER
fixed length control field 00828nam a22001817a 4500
100 ## - MAIN ENTRY--AUTHOR NAME
Personal name Obouayeba, S.
245 ## - TITLE STATEMENT
Title Relationship between the intensity of latex harvesting and the tapping panel dryness expression of clone GT 1 of Hevea brasiliensis Muell. Arg in South-East Cote d'Ivoire
260 ## - PUBLICATION, DISTRIBUTION, ETC. (IMPRINT)
Name of publisher Natural Rubber Industry: An Asset for Socio-economic development and preservation of the Environment: Proceedings of the International Rubber Conference, IRC 2018, 22-23 October 2018, International Rubber Research and Development Board, Abidjan, Cote D' Ivoire, pp. 65-72.
650 ## - SUBJECT ADDED ENTRY--TOPICAL TERM
Topical Term Physiological profile
650 ## - SUBJECT ADDED ENTRY--TOPICAL TERM
Topical Term Tapping panel dryness
650 ## - SUBJECT ADDED ENTRY--TOPICAL TERM
Topical Term Cote d'Ivoire
700 ## - ADDED ENTRY--PERSONAL NAME
Personal name Ballo, E.K.
700 ## - ADDED ENTRY--PERSONAL NAME
Personal name Lehi, M.I.
700 ## - ADDED ENTRY--PERSONAL NAME
Personal name Adou, B.Y.C.
700 ## - ADDED ENTRY--PERSONAL NAME
Personal name Essehi, J.L.
942 ## - ADDED ENTRY ELEMENTS (KOHA)
Koha item type Articles
Holdings
Withdrawn status Lost status Damaged status Not for loan Home library Current library Date acquired Koha item type
        RRII Library RRII Library 27/10/2025 Articles